Agricultural pollution: environmental problems and practical solutions. (Record no. 99482)

MARC details
000 -LEADER
fixed length control field 01310cam a2200337 4500
008 - FIXED-LENGTH DATA ELEMENTS--GENERAL INFORMATION
fixed length control field 090401t2002 xxu||||| |||| 00| 0 eng d
020 ## - INTERNATIONAL STANDARD BOOK NUMBER
International Standard Book Number 0419213902
035 ## - SYSTEM CONTROL NUMBER
System control number (Sirsi) u99828
041 ## - LANGUAGE CODE
Language code of text/sound track or separate title eng
050 ## - LIBRARY OF CONGRESS CALL NUMBER
Classification number 614.7
100 ## - MAIN ENTRY--PERSONAL NAME
Personal name Merrington, G.
245 ## - TITLE STATEMENT
Title Agricultural pollution: environmental problems and practical solutions.
260 ## - PUBLICATION, DISTRIBUTION, ETC.
Place of publication, distribution, etc. London
Name of publisher, distributor, etc. Spon Press
Date of publication, distribution, etc. 2002
300 ## - PHYSICAL DESCRIPTION
Extent xiv,243p.
Other physical details ill.
Dimensions 24cm.
350 ## - PRICE (NR) (BK AM CF MU VM SE) [OBSOLETE]
Price 19.95
490 ## - SERIES STATEMENT
Series statement Spon's Environmental Science and Engineering Series
520 ## - SUMMARY, ETC.
Summary, etc. Provides a concise overview of environmental problems caused by agriculture and offers practical solutions to them. Helps provide a scientific and technical understanding of the most important sources of agricultural pollution. Topics covered include: soil, water and land use interactions; nitrogen; soil erosion; organic wastes; gaseous emissions; pesticides; genetic modification; and agricultural policy.
650 ## - SUBJECT ADDED ENTRY--TOPICAL TERM
Topical term or geographic name entry element FARMING
650 ## - SUBJECT ADDED ENTRY--TOPICAL TERM
Topical term or geographic name entry element AGRICULTURE
650 ## - SUBJECT ADDED ENTRY--TOPICAL TERM
Topical term or geographic name entry element POLLUTION
650 ## - SUBJECT ADDED ENTRY--TOPICAL TERM
Topical term or geographic name entry element ENVIRONMENTAL PROBLEMS
650 ## - SUBJECT ADDED ENTRY--TOPICAL TERM
Topical term or geographic name entry element PESTICIDES
650 ## - SUBJECT ADDED ENTRY--TOPICAL TERM
Topical term or geographic name entry element NITRATE POLLUTION
650 ## - SUBJECT ADDED ENTRY--TOPICAL TERM
Topical term or geographic name entry element ORGANIC WASTE
690 ## - LOCAL SUBJECT ADDED ENTRY--TOPICAL TERM (OCLC, RLIN)
Topical term or geographic name as entry element ENVIRONMENTAL AND LAND CONSULTANCY
700 ## - ADDED ENTRY--PERSONAL NAME
Personal name Winder, L.
700 ## - ADDED ENTRY--PERSONAL NAME
Personal name Parkinson, R.
700 ## - ADDED ENTRY--PERSONAL NAME
Personal name Redman, M.
942 ## - ADDED ENTRY ELEMENTS (KOHA)
Suppress in OPAC 0
948 ## - LOCAL PROCESSING INFORMATION (OCLC); SERIES PART DESIGNATOR (RLIN)
c (OCLC) 13/04/1999
Holdings
Withdrawn status Lost status Source of classification or shelving scheme Damaged status Not for loan Home library Current library Shelving location Date acquired Cost, normal purchase price Total Checkouts Full call number Barcode Date last seen Date last checked out Copy number Cost, replacement price Price effective from Koha item type
    Other/Generic Classification Scheme     London London Books 10/09/2002 16.96 2 614.7 MER 30066501 06/08/2019 11/05/2007 1 16.96 06/08/2019 Book